[Event "Kort Paaske 2 Gruppe 2 2013"]
[Site "Elsinore"]
[Date "2013.03.30"]
[Round "4"]
[White "Vestergaard, Svend"]
[Black "Jensen, Simon Stibolt"]
[Result "1/2-1/2"]
[WhiteElo "1734"]
[BlackElo "1673"]
[PlyCount "52"]
[EventDate "2013.??.??"]
[EventType "swiss"]
[EventRounds "5"]
[EventCountry "DEN"]

1. d4 e6 2. Bf4 d5 3. Nf3 Bd6 4. Bxd6 Qxd6 5. c3 Nf6 6. e3 O-O 7. Bd3 b6 8.
Nbd2 Ba6 9. Qc2 Bxd3 10. Qxd3 c5 11. O-O c4 12. Qe2 Nc6 13. Ng5 h6 14. Nh3 Ne7
15. f4 Nf5 16. e4 dxe4 17. Nxe4 Nxe4 18. Qxe4 Qd5 19. Qe5 Qd6 20. Rfe1 Qxe5 21.
Rxe5 Rfd8 22. Rae1 Ne7 23. g4 Nc6 24. R5e3 Rd6 25. Kg2 Rd5 26. Kg3 Ra5 1/2-1/2

[Event "Kort Paaske 2 Gruppe 2 2013"]
[Site "Elsinore"]
[Date "2013.03.30"]
[Round "4"]
[White "Sorensen, Svend Aage"]
[Black "Graabaek, Sebastian"]
[Result "0-1"]
[WhiteElo "1388"]
[BlackElo "1540"]
[PlyCount "80"]
[EventDate "2013.??.??"]
[EventType "swiss"]
[EventRounds "5"]
[EventCountry "DEN"]

1. d4 Nf6 2. Bf4 g6 3. h3 Bg7 4. e3 O-O 5. Bd3 d5 6. Nf3 Nbd7 7. O-O c5 8. dxc5
Nxc5 9. Nd4 Nfd7 10. Bh2 e5 11. Nb5 a6 12. N5c3 Nb6 13. Be2 Be6 14. Nd2 Qe7 15.
Ncb1 e4 16. c3 Rfd8 17. Nb3 Nxb3 18. axb3 Rac8 19. Nd2 Rd7 20. b4 Nc4 21. Bxc4
dxc4 22. Qc2 Bf5 23. b3 Rxd2 24. Qxd2 cxb3 25. Bd6 Bxc3 26. Bxe7 Bxd2 27. Bf6
Bxb4 28. Rab1 Be6 29. Rb2 a5 30. Ra1 b5 31. g4 a4 32. Rbb1 a3 33. Kg2 a2 34.
Rxa2 bxa2 35. Rxb4 Ra8 36. Ba1 Bc4 37. Kg3 g5 38. f4 exf3 39. Kxf3 Rd8 40. Bd4
Rxd4 0-1

[Event "Kort Paaske 2 Gruppe 2 2013"]
[Site "Elsinore"]
[Date "2013.03.30"]
[Round "5"]
[White "Jensen, Jakob"]
[Black "Rasmussen, Henning"]
[Result "1-0"]
[WhiteElo "1643"]
[BlackElo "1787"]
[PlyCount "107"]
[EventDate "2013.??.??"]
[EventType "swiss"]
[EventRounds "5"]
[EventCountry "DEN"]

1. Nf3 Nf6 2. d4 g6 3. Bg5 Bg7 4. c3 b6 5. Nbd2 Bb7 6. Qc2 d5 7. e3 Nbd7 8. Bb5
O-O 9. h4 h5 10. Bd3 Qe8 11. Bf4 c5 12. O-O-O Ng4 13. Rdf1 e5 14. dxe5 Ngxe5
15. Be2 Nxf3 16. Bxf3 Ne5 17. Bxe5 Qxe5 18. g4 hxg4 19. Bxg4 Bc8 20. Bxc8 Raxc8
21. Rfg1 Qh5 22. Rg5 Qh6 23. Rxd5 Rfd8 24. Qe4 Re8 25. Qg2 Rcd8 26. Rg5 Bf6 27.
Rg3 Re5 28. Nf3 Red5 29. Ng5 c4 30. Qf3 Qg7 31. Ne4 Be5 32. Rg5 f6 33. Rgg1 f5
34. Ng5 Bxc3 35. Ne6 Bxb2+ 36. Kb1 Qf6 37. Nxd8 Rd2 38. Rd1 Qxd8 39. Rxd2 Qxd2
40. Rd1 Qb4 41. Qd5+ Kh7 42. Qd6 Qxd6 43. Rxd6 Bc3 44. Rd7+ Kh6 45. Rxa7 Be1
46. f3 Bf2 47. Re7 Bxh4 48. Re6 b5 49. a3 Bf2 50. Kc2 f4 51. exf4 Kg7 52. Re5
Bg3 53. Rxb5 Bxf4 54. Kc3 1-0

[Event "Kort Paaske 2 Gruppe 2 2013"]
[Site "Elsinore"]
[Date "2013.03.30"]
[Round "5"]
[White "Nielsen, Palle"]
[Black "Renneberg, Morten"]
[Result "0-1"]
[WhiteElo "1760"]
[BlackElo "1797"]
[PlyCount "98"]
[EventDate "2013.??.??"]
[EventType "swiss"]
[EventRounds "5"]
[EventCountry "DEN"]

1. c4 Nf6 2. d4 e6 3. Nc3 Bb4 4. Qc2 c5 5. e3 Nc6 6. dxc5 O-O 7. a3 Bxc5 8. Nf3
d5 9. b4 Be7 10. Bb2 d4 11. Rd1 e5 12. b5 Qa5 13. bxc6 dxc3 14. Bxc3 Qxa3 15.
Ra1 Qc5 16. cxb7 Bxb7 17. Nxe5 Bd6 18. Nf3 Rfe8 19. Ra5 Qb6 20. Rb5 Qc7 21.
Bxf6 gxf6 22. Qf5 Be4 23. Qxf6 Rab8 24. Rg5+ Bg6 25. Bd3 Be7 26. Rxg6+ hxg6 27.
Qa1 Bb4+ 28. Ke2 Qe7 29. h4 Ba3 30. Nd4 Bb2 31. Nc6 Qe6 32. Qa4 Qg4+ 33. Kf1
Rbc8 34. f3 Qe6 35. Be4 Qd6 36. Ke2 Qg3 37. Rg1 Bf6 38. Qd1 Bxh4 39. Nd4 Qf2+
40. Kd3 f5 41. Bd5+ Kf8 42. Ne6+ Rxe6 43. Bxe6 Re8 44. Qa1 Rxe6 45. Qh8+ Kf7
46. Qh7+ Ke8 47. Qg8+ Kd7 48. Qg7+ Be7 49. Ra1 Rxe3+ 0-1

[Event "Kort Paaske 2 Gruppe 2 2013"]
[Site "Elsinore"]
[Date "2013.03.30"]
[Round "5"]
[White "Andersen, Aage"]
[Black "Hansen, Jeppe"]
[Result "1/2-1/2"]
[WhiteElo "1620"]
[BlackElo "1617"]
[PlyCount "66"]
[EventDate "2013.??.??"]
[EventType "swiss"]
[EventRounds "5"]
[EventCountry "DEN"]

1. d4 d5 2. c4 Nf6 3. Nc3 e6 4. e3 Bb4 5. a3 Bxc3+ 6. bxc3 Nbd7 7. Nf3 c5 8.
Qa4 O-O 9. Bd3 Nb6 10. Qb3 dxc4 11. Bxc4 Nxc4 12. Qxc4 Qd5 13. Qxd5 exd5 14.
O-O c4 15. Nd2 Ne4 16. Nxe4 dxe4 17. f3 f5 18. fxe4 fxe4 19. Rxf8+ Kxf8 20. Bd2
Be6 21. Rb1 Bd5 22. Rb5 Rd8 23. Be1 Rd7 24. Rc5 g5 25. Bg3 Kf7 26. Rc7 Rxc7 27.
Bxc7 h5 28. Kf2 Ke6 29. h4 g4 30. Kg3 Kf5 31. Bb8 a6 32. Bc7 b5 33. Ba5 Be6
1/2-1/2

[Event "Kort Paaske 2 Gruppe 2 2013"]
[Site "Elsinore"]
[Date "2013.03.30"]
[Round "5"]
[White "Krojgaard, Soren"]
[Black "Svensson, Stig"]
[Result "1-0"]
[WhiteElo "1542"]
[BlackElo "1591"]
[PlyCount "93"]
[EventDate "2013.??.??"]
[EventType "swiss"]
[EventRounds "5"]
[EventCountry "DEN"]

1. e4 e5 2. Nc3 Nc6 3. Bc4 Nf6 4. d3 Be7 5. f4 d6 6. f5 Na5 7. g4 Nxc4 8. dxc4
Nd7 9. Nge2 Bh4+ 10. Ng3 Nb6 11. b3 Bd7 12. Qf3 c5 13. Bd2 Bc6 14. O-O-O a5 15.
a4 Be7 16. Rhf1 f6 17. h4 Kd7 18. Be3 Nxc4 19. bxc4 b6 20. Nb5 Bxb5 21. cxb5
Kc7 22. c4 Qg8 23. Rd5 g6 24. Rfd1 Rd8 25. Kb2 gxf5 26. Nxf5 Qf7 27. Nxe7 Qxe7
28. Qf5 Rhf8 29. Bh6 Rf7 30. Kb3 Rd7 31. Qf2 Qe6 32. Qd2 Rd8 33. Rd3 Rfd7 34.
Rg3 Rg8 35. Qd5 Qe8 36. Qc6+ Kb8 37. Qxb6+ Ka8 38. Rxd6 Rxd6 39. Qxd6 Qc8 40.
Qd5+ Kb8 41. Qd6+ Ka8 42. Qxf6 Rg6 43. Qf8 Kb8 44. Qxc8+ Kxc8 45. Bf8 Kc7 46.
g5 Kb6 47. Rf3 1-0

[Event "Kort Paaske 2 Gruppe 2 2013"]
[Site "Elsinore"]
[Date "2013.03.30"]
[Round "5"]
[White "Persson, Jorgen"]
[Black "Vestergaard, Svend"]
[Result "1/2-1/2"]
[WhiteElo "1250"]
[BlackElo "1734"]
[PlyCount "51"]
[EventDate "2013.??.??"]
[EventType "swiss"]
[EventRounds "5"]
[EventCountry "DEN"]

1. d4 Nf6 2. c4 e6 3. Bg5 h6 4. Bh4 Bb4+ 5. Nc3 c5 6. dxc5 Qa5 7. Bxf6 gxf6 8.
Qd4 Bxc3+ 9. bxc3 Ke7 10. Qd6+ Ke8 11. Qd4 Ke7 12. Nf3 Nc6 13. Qd6+ Ke8 14. Qd3
Qxc5 15. g3 b6 16. Rd1 a5 17. Bg2 Ra7 18. Nd4 Ne5 19. Qc2 Qxc4 20. a4 Ba6 21.
O-O Rc7 22. Rc1 Ke7 23. Rfd1 h5 24. f4 Ng4 25. Qe4 Qc5 26. e3 1/2-1/2

[Event "Kort Paaske 2 Gruppe 2 2013"]
[Site "Elsinore"]
[Date "2013.03.30"]
[Round "5"]
[White "Graabaek, Sebastian"]
[Black "Gade, Jens"]
[Result "1/2-1/2"]
[WhiteElo "1540"]
[BlackElo "1578"]
[PlyCount "71"]
[EventDate "2013.??.??"]
[EventType "swiss"]
[EventRounds "5"]
[EventCountry "DEN"]

1. d4 d5 2. c4 dxc4 3. Nc3 Nf6 4. e4 e6 5. Bxc4 Be7 6. Be3 O-O 7. Nge2 a6 8. a4
Bd7 9. O-O Nc6 10. Qb3 Na5 11. Qa2 Nxc4 12. Qxc4 Ne8 13. e5 c6 14. f4 Nc7 15.
Rf3 Nd5 16. Nxd5 cxd5 17. Qd3 f5 18. exf6 Rxf6 19. Rh3 h6 20. Rg3 Qe8 21. Nc3
Bd6 22. Rf1 Bxa4 23. Rff3 Bb5 24. Qb1 Bd7 25. Rh3 Qg6 26. Qe1 Raf8 27. Rfg3 Qh7
28. Ne2 Bb5 29. Nc3 Bc4 30. Rg4 Bxf4 31. Bxf4 Rxf4 32. Qxe6+ Kh8 33. Rxf4 Rxf4
34. Qe8+ Qg8 35. Rxh6+ gxh6 36. Qe5+ 1/2-1/2

[Event "Kort Paaske 2 Gruppe 2 2013"]
[Site "Elsinore"]
[Date "2013.03.30"]
[Round "5"]
[White "Jensen, Simon Stibolt"]
[Black "Thorsen, Jesper"]
[Result "1-0"]
[WhiteElo "1673"]
[BlackElo "1658"]
[PlyCount "113"]
[EventDate "2013.??.??"]
[EventType "swiss"]
[EventRounds "5"]
[EventCountry "DEN"]

1. e4 c5 2. Nf3 Nc6 3. Bb5 d6 4. O-O Bd7 5. Nc3 e6 6. d4 cxd4 7. Nxd4 Nf6 8.
Bg5 Be7 9. f3 O-O 10. Nxc6 Bxc6 11. Bxc6 bxc6 12. Qd2 Rb8 13. b3 d5 14. e5 Nd7
15. Bxe7 Qxe7 16. f4 Rfd8 17. Ne2 Nf8 18. Nd4 Ng6 19. Nxc6 Qc5+ 20. Nd4 Rb4 21.
c3 Rb7 22. Kh1 Rc7 23. Rf3 Rdc8 24. Rc1 Nh4 25. Rh3 Nf5 26. Nxf5 exf5 27. Rd3
Rd7 28. Rd4 g6 29. Qd3 Rcd8 30. Qg3 Qa5 31. Rc2 Rc8 32. Qe3 Qb6 33. h4 Rdc7 34.
Kh2 a5 35. Qd3 Rd7 36. Rxd5 Rxd5 37. Qxd5 Rd8 38. Qf3 Qa6 39. c4 Qb6 40. Qf2
Qc6 41. Rd2 Re8 42. Rd5 h6 43. Qc5 Qa8 44. Qxa5 Qc8 45. Qc5 Qe6 46. Qd6 Qc8 47.
c5 Qa8 48. Qd7 Kf8 49. Qd6+ Kg7 50. Qf6+ Kg8 51. Rd7 Rf8 52. e6 Qe8 53. exf7+
Rxf7 54. Qxf7+ Qxf7 55. Rxf7 Kxf7 56. b4 Ke7 57. c6 1-0